Project management (Record no. 103118)

MARC details
000 -LEADER
fixed length control field 00925cam a2200217 4500
001 - CONTROL NUMBER
control field L123905
008 - FIXED-LENGTH DATA ELEMENTS--GENERAL INFORMATION
fixed length control field 031013n2003 000 0 eng u
020 ## - INTERNATIONAL STANDARD BOOK NUMBER
International Standard Book Number 0273655418
035 ## - SYSTEM CONTROL NUMBER
System control number (Sirsi) u123905
041 ## - LANGUAGE CODE
Language code of text/sound track or separate title eng
050 ## - LIBRARY OF CONGRESS CALL NUMBER
Classification number 658.404
-- 21
100 ## - MAIN ENTRY--PERSONAL NAME
Personal name Maylor, Harvey
245 ## - TITLE STATEMENT
Title Project management
250 ## - EDITION STATEMENT
Edition statement 3rd ed.
260 ## - PUBLICATION, DISTRIBUTION, ETC.
Place of publication, distribution, etc. London
Name of publisher, distributor, etc. FT Prentice Hall
Date of publication, distribution, etc. 2003
300 ## - PHYSICAL DESCRIPTION
Extent xv, 411p.
Dimensions 25cm.
350 ## - PRICE (NR) (BK AM CF MU VM SE) [OBSOLETE]
Price 33.99
520 ## - SUMMARY, ETC.
Summary, etc. Aimed at students and professionals, this third edition text provides a thorough introduction to project management. Chapters are arranged under the four phases of project management: defining the project; designing the project process; delivering the project; and developing the process. New topics include critic chain project management and supply chain management. Appendix provides relevant standards. Case studies.
690 ## - LOCAL SUBJECT ADDED ENTRY--TOPICAL TERM (OCLC, RLIN)
Topical term or geographic name as entry element Project management
9 (RLIN) 6261
942 ## - ADDED ENTRY ELEMENTS (KOHA)
Suppress in OPAC 0
Holdings
Withdrawn status Lost status Source of classification or shelving scheme Damaged status Not for loan Home library Current library Shelving location Date acquired Cost, normal purchase price Total Checkouts Full call number Barcode Date last seen Date last checked out Copy number Cost, replacement price Price effective from Koha item type
    Other/Generic Classification Scheme     London London Books 24/10/2003 28.89 39 658.404 MAY 30067849 06/08/2019 06/01/2010 1 28.89 06/08/2019 Book